[Event "Llinars del Valles op 5th"]
[Site "Llinars del Valles"]
[Date "2013.10.11"]
[Round "2"]
[White "Benitez Delgado, Josep Maria"]
[Black "Argemi Camp, Jaume"]
[Result "0-1"]
[WhiteElo "2098"]
[BlackElo "1890"]
[PlyCount "92"]
[EventDate "2013.10.04"]
[EventType "swiss"]
[EventRounds "8"]
[EventCountry "ESP"]
[SourceTitle "CBM 157 Extra"]
[Source "ChessBase"]
[SourceDate "2013.12.19"]
[SourceVersion "1"]
[SourceVersionDate "2013.12.19"]
[SourceQuality "1"]

1. d4 e6 2. Nf3 d6 3. c3 g6 4. Bg5 Qd7 5. h3 Bg7 6. Nbd2 Nf6 7. e4 0-0 8. Be2 a5 9. 0-0 a4 10. Re1 Qc6 11. Bf1 Re8 12. Qc2 e5 13. d5 Qd7 14. c4 Na6 15. Qc3 Nc5 16. b4 axb3 17. axb3 Rxa1 18. Rxa1 Nfxe4 19. Qe3 Nxg5 20. Nxg5 Bh6 21. Qg3 Qf5 22. Ngf3 Bd7 23. b4 Na6 24. b5 Nc5 25. Ra2 Qf6 26. Nh2 Bxd2 27. Rxd2 Ne4 28. Qe3 Nxd2 29. Qxd2 Qf4 30. Qa5 b6 31. Qa7 Rc8 32. Qb7 Kg7 33. g3 Qf6 34. Qa6 Qd8 35. Qa3 Ra8 36. Qe3 Qf6 37. Ng4 Bxg4 38. hxg4 h6 39. Be2 Re8 40. Kg2 Re7 41. Qe4 Qg5 42. Bd3 Qd2 43. Kf3 f5 44. gxf5 gxf5 45. Qe3 e4+ 46. Bxe4 Qxe3+ 0-1